|
|
|
|
| LEADER |
00000cam a2200000 a 4500 |
| 001 |
vtls001413635 |
| 003 |
SK-MaSNL |
| 005 |
20260302035127.0 |
| 008 |
251029s2000 xo gr a00000 slo |
| 015 |
|
|
|a SNBC2001/03-01935
|
| 020 |
|
|
|a 8080422354
|
| 035 |
|
|
|a SNK000368361
|
| 040 |
|
|
|a SNK
|b slo
|c SNK
|e AACR2
|
| 041 |
0 |
|
|a slo
|
| 044 |
|
|
|a xo
|c SK
|
| 080 |
|
|
|a 796.5(234.372.4)(084.3)
|2 1981
|
| 080 |
|
|
|a 908.437.642
|2 1981
|
| 110 |
0 |
|
|a Vojenský kartografický ústav (Harmanec, Slovensko)
|4 aut
|9 32777
|
| 245 |
1 |
|
|a Štiavnické vrchy
|h kartografický dokument
|b turistická mapa
|c spracoval: Vojenský kartografický ústav, š.p., Harmanec ; zodpovedný redaktor: Juraj Kordováner ; technický redaktor: Katarína Mozolová ; redaktor turistickej náplne: Zdeněk Šír, Jana Bertanová
|
| 250 |
|
|
|a 3. vyd.
|
| 255 |
|
|
|a Mierka 1:50 000
|
| 260 |
|
|
|a Harmanec
|b Vojenský kartografický ústav
|c 2000
|
| 300 |
|
|
|a l mapa
|b fareb.
|c 75x107 cm
|e textová časť (29 s., 20 cm)
|
| 490 |
1 |
|
|a Edícia turistických máp
|v 138
|
| 500 |
|
|
|a Podnázvy a vysvetl. angl., nem., maď. a pol.
|
| 500 |
|
|
|a Mapa oboj. Obs. inform., graf. mierku, rekl., vysvetl. Red. uzávierka 30.11.2000
|
| 651 |
|
7 |
|a Štiavnické vrchy (Slovensko: pohorie)
|2 SNK
|9 15246
|
| 655 |
|
7 |
|a turistické mapy
|2 SNK
|9 70551
|
| 700 |
1 |
|
|a Kordováner, Juraj
|4 zre
|9 44914
|
| 700 |
1 |
|
|a Mozolová, Katarína
|4 kor
|9 45906
|
| 700 |
1 |
|
|a Šír, Zdeněk
|4 ini
|9 9577
|
| 700 |
1 |
|
|a Bertanová, Jana
|4 ini
|9 42869
|
| 830 |
|
0 |
|a Edícia turistických máp
|9 295991
|
| 919 |
|
|
|a 80-8042-235-4
|
| 923 |
|
|
|a turistická
|b skladaná
|c pre verejnosť
|
| 958 |
|
|
|a CMP
|
| 958 |
|
|
|a TL
|
| 999 |
|
|
|c 1069363
|d 1071293
|
| 952 |
|
|
|t P60, <03>, [BOOK], {603}
|a SNK
|b SNK
|y PREZ
|7 0
|p 17A0302402
|o snkSLCm 2175
|i snkKSP 6724/2001
|0 0
|1 0
|4 0
|d 2001-05-28
|l 0
|r 2005-01-02 00:00:00
|w 2026-02-24
|
| 952 |
|
|
|t P60, <04>, [BOOK], {604}
|a SNK
|b SNK
|y VYP
|7 0
|p 17A0302401
|o snkSLCm 2175 D1
|i snkKSP 6725/2001
|0 0
|1 0
|4 0
|d 2001-05-28
|l 0
|r 2005-01-02 00:00:00
|w 2026-02-24
|